00505nam a2200169Ia 4500008004100000082001600041100001900057245004400076250000800120260002500128300001300153500002400166650001500190942000700205952010600212999001700318230524s9999 xx 000 0 und d a660.65bRAO aD.G.Rao923444 0aIntroduction to Biochemical Engineering a1ST aNEW DELHIbTMHc2005 aXIII;453 aQuantity Number: 1 aBiomedical cBK 00104070aTATCLbTATCLcGENd2023-05-24l0o660.65 RAOp10087r2023-05-24w2023-05-24yBKzBSCM2201 c35022d35022